000 00307nam a22001337a 4500
008 181001b xxu||||| |||| 00| 0 eng d
020 _a9781455700820
041 _aeng
080 _26th
_a610
100 _a6
101 _aANE
245 _aAnesthesia and Co-Existing disease
_cHines,R.L
942 _2udc
_cBK
999 _c48752
_d48752